00926nam a2200205 i 450000100060000000300090000600700030001500800410001810000280005924501680008726000330025530000180028850501150030670000380042174000580045974000380051785200240055599900170057995201240059626914ES-MaACLt|030113s1934 sp ||||1| spa d1 aAschoff, Ludwig.92354610aTratado de Anatomía patológica / cpublicado bajo la dirección de Ludwig Aschoff ; traducción de la septima edición alemana por Julio G. Sánchez Lucas. aBarcelona : bLabor, c1934. av. ; c25 cm.8 aContiene: T. I: Etiologia general. Anatomía patológica general. -- T. II: Anatomía patológica especial1 aSánchez-Lucas, Julio G.91027370 aEtiología general. Anatomía patológica general.0 aAnatomía patológica especial. aES-MaACLjE-1711-12 c26914d26914 00104070aATENEOMbATENEOMcDEPO2d2008-01-17eSCl0oE-1711-12p1027781r2023-02-23 00:00:00w2023-02-23yMONOGRAFIA